| 000 | 00671nam a2200181Ia 4500 | ||
|---|---|---|---|
| 008 | 090630s9999 xx 000 0 und d | ||
| 082 | _b19803 | ||
| 100 | _aघाणेकर मधुसुदन. | ||
| 245 |
_aअटलबिहारी वाजपेयी. _cघाणेकर मधुसुदन. |
||
| 260 |
_bअत्रे. _c2000 |
||
| 300 | _a32 | ||
| 600 | _aघाणेकर मधुसुदन. | ||
| 630 | _aअटलबिहारी वाजपेयी. | ||
| 655 | _aबालवाङमय. | ||
| 700 | _aघाणेकर मधुसुदन. | ||
| 730 | _aअटलबिहारी वाजपेयी. | ||
| 942 | _cBOOK | ||
| 999 |
_c271659 _d271659 |
||